000 00994nas a2200313 4500
001 BR2013007582
003 BR-BrBNA
005 20231205122947.0
007 ta
008 230509b bl.|||p| |||| 00| 00por d
040 _aBR-BrBNA
_bpor
_cBiblioteca Nacional de Agricultura
041 _a(Pt)
072 _aL74; L70
100 1 _aDal-Bó, I. dos S.
100 1 _aAguiar, E.S.V. de
100 1 _aMacedo, A.S.
100 1 _aBortolini, C.E.
100 1 _aChagas, J.A.B.
100 1 _aBrun, M.V.
245 1 _aCorreção cirúrgica de anquilose da articulação temporomandibular em um cão
650 _aCÃO
650 _aCIRURGIA
650 _aDIAGNÓSTICO
650 _aVETERINÁRIA
650 _aDISTÚRBIO FISIOLÓGICO
773 0 _tMedvep. Revista Científica de Medicina Veterinária. Pequenos Animais e Animais de Estimação (Brazil)
_xISSN 1678-1430
_g(2012), v. 10(35) p. 24-30
_wBR2013007582
909 _a202311
_bLúcia
_c55
_dLúcia Elande
942 _2AGRIS
_n0
_cANA
999 _c231480
_d231480